Методические рекомендации по описанию редких и ценных изданий в научной библиотеке Челябинской государственной академии культуры и искусства; Библиотеки учебных заведений; № 15

التفاصيل البيبلوغرافية
Parent link:Библиотеки учебных заведений: научно-методический журнал.— , 2005
№ 15.— 2005.— С. 12-21
مؤلفون آخرون: Зайцева Т. В. Татьяна Валентиновна (составитель)
اللغة:الروسية
منشور في: 2005
سلاسل:Фонды библиотеки
الموضوعات:
التنسيق: MixedMaterials فصل الكتاب
KOHA link:https://koha.lib.tpu.ru/cgi-bin/koha/opac-detail.pl?biblionumber=399132

MARC

LEADER 00000naa2a2200000 4500
001 399132
005 20231101065156.0
035 |a (RuTPU)RU\TPU\prd\40136 
035 |a RU\TPU\prd\40127 
090 |a 399132 
100 |a 20051206a2005 k y0rusy50 ca 
101 0 |a rus 
102 |a RU 
200 1 |a Методические рекомендации по описанию редких и ценных изданий в научной библиотеке Челябинской государственной академии культуры и искусства  |f сост. Т. В. Зайцева 
225 1 |a Фонды библиотеки 
461 0 |0 (RuTPU)RU\TPU\prd\39949  |t Библиотеки учебных заведений  |o научно-методический журнал  |d 2005 
463 0 |0 (RuTPU)RU\TPU\prd\39952  |t № 15  |v С. 12-21  |d 2005 
610 1 |a вузовские библиотеки 
610 1 |a фонды 
610 1 |a редкие книги 
610 1 |a методические рекомендации 
610 1 |a обработка изданий 
610 1 |a Челябинск 
610 1 |a Челябинская государственная академия культуры и искусства 
702 1 |a Зайцева  |b Т. В.  |g Татьяна Валентиновна  |4 220 
801 1 |a RU  |b 63413507  |c 20051206  |g PSBO 
801 2 |a RU  |b 63413507  |c 20051206  |g PSBO 
942 |c BK